Influence of redox conditions and mechanical action on change in peat humic acid composition; Bulletin of the Tomsk Polytechnic University; Vol. 310, № 2
| Parent link: | Bulletin of the Tomsk Polytechnic University/ Tomsk Polytechnic University (TPU).— , 2006-2007 Vol. 310, № 2.— 2007.— [P. 147-150] |
|---|---|
| Weitere Verfasser: | , , , |
| Zusammenfassung: | Заглавие с титульного листа Электронная версия печатной публикации Mechanical action on humic acids is shown to result in change of their composition accompanying decrease in aromaticity degree and increase in oxygen-containing fragments. Mechanical treatment of peat in oxidizing conditions increases the efficiency of extracting water-soluble components and humic acids to the maximum. Structural parameters and functional composition of humic acid molecules change at peat treatment in the redox conditions depending on the conditions. |
| Sprache: | Englisch |
| Veröffentlicht: |
2007
|
| Schriftenreihe: | Chemistry |
| Schlagworte: | |
| Online-Zugang: | http://www.lib.tpu.ru/fulltext/v/Bulletin_TPU/2007/v310eng/i2/36.pdf |
| Format: | MixedMaterials Elektronisch Buchkapitel |
| KOHA link: | https://koha.lib.tpu.ru/cgi-bin/koha/opac-detail.pl?biblionumber=181884 |
MARC
| LEADER | 00000nla2a2200000 4500 | ||
|---|---|---|---|
| 001 | 181884 | ||
| 005 | 20231031171146.0 | ||
| 035 | |a (RuTPU)RU\TPU\book\197156 | ||
| 035 | |a RU\TPU\book\197155 | ||
| 090 | |a 181884 | ||
| 100 | |a 20100611d2007 k y0rusy50 ca | ||
| 101 | 1 | |a eng |c rus | |
| 102 | |a RU | ||
| 135 | |a drnn ---uucaa | ||
| 200 | 1 | |a Influence of redox conditions and mechanical action on change in peat humic acid composition |b Electronic resource |f А. А. Ivanov [et al.] | |
| 203 | |a Text |c electronic | ||
| 215 | |a 1 файл (161 Кб) | ||
| 225 | 1 | |a Chemistry | |
| 230 | |a Электронные текстовые данные (1 файл : 161 Кб) | ||
| 300 | |a Заглавие с титульного листа | ||
| 300 | |a Электронная версия печатной публикации | ||
| 320 | |a [Bibliography: p. 150 (8 titles)] | ||
| 330 | |a Mechanical action on humic acids is shown to result in change of their composition accompanying decrease in aromaticity degree and increase in oxygen-containing fragments. Mechanical treatment of peat in oxidizing conditions increases the efficiency of extracting water-soluble components and humic acids to the maximum. Structural parameters and functional composition of humic acid molecules change at peat treatment in the redox conditions depending on the conditions. | ||
| 337 | |a Adobe Reader | ||
| 461 | 1 | |0 (RuTPU)RU\TPU\book\169973 |t Bulletin of the Tomsk Polytechnic University |f Tomsk Polytechnic University (TPU) |d 2006-2007 | |
| 463 | 1 | |0 (RuTPU)RU\TPU\book\196868 |t Vol. 310, № 2 |v [P. 147-150] |d 2007 |p 182 p. | |
| 610 | 1 | |a redox conditions | |
| 610 | 1 | |a mechanical action | |
| 610 | 1 | |a humic acid composition | |
| 610 | 1 | |a peat | |
| 610 | 1 | |a aromaticity | |
| 610 | 1 | |a oxygen-containing fragments | |
| 610 | 1 | |a mechanical treatment | |
| 610 | 1 | |a extracting | |
| 610 | 1 | |a water-soluble components | |
| 610 | 1 | |a structural parameters | |
| 610 | 1 | |a functional composition | |
| 610 | 1 | |a molecules | |
| 610 | 1 | |a treatment | |
| 610 | 1 | |a электронный ресурс | |
| 675 | |a 662.73.012 |v 3 | ||
| 701 | 1 | |a Ivanov |b А. А. | |
| 701 | 1 | |a Yudina |b N. V. | |
| 701 | 1 | |a Maltseva |b E. V. | |
| 701 | 1 | |a Lomovskiy |b О. I. | |
| 801 | 1 | |a RU |b 63413507 |c 20090623 |g PSBO | |
| 801 | 2 | |a RU |b 63413507 |c 20120418 |g PSBO | |
| 856 | 4 | |u http://www.lib.tpu.ru/fulltext/v/Bulletin_TPU/2007/v310eng/i2/36.pdf | |
| 942 | |c CF | ||